Home Print Resources E-Books E-Journals IIMT Lecture Series Library Membership Form Book Recommendation Form Campus Tour Take AdmissionAbout Us Contact Us

ADVANCED ORGANIC CHEMISTRY (Record no. 35977)

000 -LEADER
fixed length control field nam a22 7a 4500
003 - CONTROL NUMBER IDENTIFIER
control field OSt
005 - DATE AND TIME OF LATEST TRANSACTION
control field 20170729115725.0
008 - FIXED-LENGTH DATA ELEMENTS--GENERAL INFORMATION
fixed length control field 170729b xxu||||| |||| 00| 0 eng d
040 ## - CATALOGING SOURCE
Transcribing agency SEROSOFT
100 ## - MAIN ENTRY--PERSONAL NAME
Personal name MARCH,JEREY
245 ## - TITLE STATEMENT
Title ADVANCED ORGANIC CHEMISTRY
260 ## - PUBLICATION, DISTRIBUTION, ETC.
Place of publication, distribution, etc. DELHI
Name of publisher, distributor, etc. WILEY INDIA
Date of publication, distribution, etc. 1992
300 ## - PHYSICAL DESCRIPTION
Extent 1495
942 ## - ADDED ENTRY ELEMENTS (KOHA)
Source of classification or shelving scheme
Koha item type General Book
Holdings
Withdrawn status Lost status Source of classification or shelving scheme Damaged status Not for loan Home library Current library Date acquired Source of acquisition Coded location qualifier Full call number Barcode Date last seen Uniform Resource Identifier Price effective from Koha item type
          IIMT University Central Library Meerut IIMT University Central Library Meerut 07/29/2017 127 ENGG. COLLEGE APPLIED SC 546 MAR 01-B-121831 07/29/2017 Chemistry 07/29/2017 Book Bank
          IIMT University Central Library Meerut IIMT University Central Library Meerut 07/29/2017 127 ENGG. COLLEGE APPLIED SC 546 MAR 01-B-121832 07/29/2017 Chemistry 07/29/2017 Book Bank
IIMT, Central Library. All Rights Reserved IIMT,UNIVERSITY © 2023
Implemented and Customised by I CLOUDE EMS
You Are OPAC Visitor No
free web counter

Powered by Koha